书目信息 |
| 题名: |
服务型制造
|
|
| 作者: | 孙林岩 著 | |
| 分册: | ||
| 出版信息: | 北京 清华大学出版社 2009.04 |
|
| 页数: | 223页 | |
| 开本: | 23cm | |
| 丛书名: | ||
| 单 册: | ||
| 中图分类: | F426.4 | |
| 科图分类: | ||
| 主题词: | 制造工业--工业企业管理--商业服务--中国 , 制造工业 , 工业企业管理 , 商业服务 | |
| 电子资源: | ||
| ISBN: | 978-7-302-19452-1 | |
| 000 | 01065nam0 2200277 450 | |
| 001 | 004117600 | |
| 005 | 20091221090740.65 | |
| 010 | @a978-7-302-19452-1@dCNY29.00 | |
| 100 | @a20090509d2009 em y0chiy0110 ea | |
| 101 | 0 | @achi |
| 102 | @aCN@b110000 | |
| 105 | @aak z 000yy | |
| 106 | @ar | |
| 200 | 1 | @a服务型制造@9fu wu xing zhi zao@e理论与实践@dService manufacturing@epreliminary theory & business practices@f孙林岩[著]@zeng |
| 210 | @a北京@c清华大学出版社@d2009.04 | |
| 215 | @a223页@c图@d23cm | |
| 330 | @a本书在对先进制造模式演化总结的基础上,提出适合21世纪竞争环境的制造模式——服务型制造,并分析了服务型制造的概念、理论体系和实施模式,最后分析了国内外制造及服务企业发展服务型制造的典型模式。 | |
| 510 | 1 | @aService manufacturing@epreliminary theory & business practices@zeng |
| 606 | 0 | @a制造工业@x工业企业管理@x商业服务@y中国 |
| 606 | 0 | @a制造工业 |
| 606 | 0 | @a工业企业管理 |
| 606 | 0 | @a商业服务 |
| 690 | @aF426.4@v4 | |
| 701 | 0 | @a孙林岩@9sun lin yan@f(1955~)@4著 |
| 801 | 0 | @aCN@bNLC@c20091221 |
| 905 | @b20798185-90@dF426.4@e108@f6 | |
| 服务型制造:理论与实践=Service manufacturing:preliminary theory & business practices/孙林岩[著].-北京:清华大学出版社,2009.04 |
| 223页:图;23cm |
| ISBN 978-7-302-19452-1:CNY29.00 |
| 本书在对先进制造模式演化总结的基础上,提出适合21世纪竞争环境的制造模式——服务型制造,并分析了服务型制造的概念、理论体系和实施模式,最后分析了国内外制造及服务企业发展服务型制造的典型模式。 |
| ● |
| 相关链接 |
|
|
|
|
正题名:服务型制造
索取号:F426.4/108
 
预约/预借
| 序号 | 登录号 | 条形码 | 馆藏地/架位号 | 状态 | 备注 |
| 1 | 798185 | 207981852 | 第一样本阅览室/ [索取号:F426.4/108] | 在馆 | |
| 2 | 798186 | 207981861 | 第一借阅区/ [索取号:F426.4/108] | 在馆 | |
| 3 | 798187 | 207981870 | 第一借阅区/ [索取号:F426.4/108] | 在馆 | |
| 4 | 798188 | 207981889 | 第一借阅区/ [索取号:F426.4/108] | 在馆 | |
| 5 | 798189 | 207981898 | 第一借阅区/ [索取号:F426.4/108] | 在馆 | |
| 6 | 798190 | 207981905 | 密集书库-资源管理系/ [索取号:F426.4/108] | 在馆 |